Evaluation of effective properties of metal matrix composite with inclusions surrounded by inhomogeneous transient layer; Междисциплинарные проблемы аддитивных технологий

Bibliographische Detailangaben
Parent link:Междисциплинарные проблемы аддитивных технологий.— 2018.— [С. 7]
1. Verfasser: Anisimova M. A. Mariya Aleksandrovna
Körperschaft: Национальный исследовательский Томский политехнический университет Инженерная школа новых производственных технологий Отделение материаловедения
Zusammenfassung:Заглавие с экрана
Sprache:Englisch
Veröffentlicht: 2018
Schlagworte:
Online-Zugang:http://earchive.tpu.ru/handle/11683/52230
Format: MixedMaterials Elektronisch Buchkapitel
KOHA link:https://koha.lib.tpu.ru/cgi-bin/koha/opac-detail.pl?biblionumber=628856

MARC

LEADER 00000naa2a2200000 4500
001 628856
005 20231221124116.0
035 |a (RuTPU)RU\TPU\conf\29167 
035 |a RU\TPU\conf\28468 
090 |a 628856 
100 |a 20181220d2018 k y0rusy50 ba 
101 0 |a eng 
102 |a RU 
105 |a y z 101zy 
135 |a drgn ---uucaa 
181 0 |a i  
182 0 |a b 
200 1 |a Evaluation of effective properties of metal matrix composite with inclusions surrounded by inhomogeneous transient layer  |f M. A. Anisimova 
203 |a Текст  |c электронный 
300 |a Заглавие с экрана 
320 |a [Библиогр.: с. 7 (5 назв.)] 
463 0 |0 (RuTPU)RU\TPU\conf\29147  |t Междисциплинарные проблемы аддитивных технологий  |o сборник тезисов IV Всероссийского научного семинара с международным участием, 29-31 октября 2018, Томск  |f Национальный исследовательский Томский политехнический университет (ТПУ) ; под ред. А. Г. Князевой  |v [С. 7]  |d 2018 
610 1 |a электронный ресурс 
610 1 |a труды учёных ТПУ 
610 1 |a свойства 
610 1 |a металломатричные композиты 
610 1 |a включения 
610 1 |a неоднородные слои 
610 1 |a переходные слои 
610 1 |a тепловые взрывы 
610 1 |a режимы горения 
610 1 |a матрицы 
610 1 |a синтез 
610 1 |a теплопроводность 
700 1 |a Anisimova  |b M. A.  |c physicist  |c engineer of Tomsk Polytechnic University  |f 1988-  |g Mariya Aleksandrovna  |3 (RuTPU)RU\TPU\pers\34323  |9 17832 
712 0 2 |a Национальный исследовательский Томский политехнический университет  |b Инженерная школа новых производственных технологий  |b Отделение материаловедения  |3 (RuTPU)RU\TPU\col\23508 
801 2 |a RU  |b 63413507  |c 20181222  |g RCR 
856 4 |u http://earchive.tpu.ru/handle/11683/52230 
942 |c BK